000 00553nam a2200217Ia 4500
003 OSt
005 20220928135834.0
006 a|||||r|||| 00| 0
007 ta
008 220927b |||||||| |||| 00| 0 eng d
024 _a5155
037 _cTextual
040 _aSDCL
_cSDCL
_beng
041 _2eng
_aeng
082 _aX:7, N4
100 _aBurgstaller Andre
_9492955
245 0 _aPoetry and prices towards a unified theory of value
260 _c1994
942 _hX:7, N4
_cTEXL
_2CC
999 _c808661
_d808661